000 00479nam a2200181Ia 4500
005 20250326144136.0
008 250326s9999 xx 000 0 und d
037 _aTextbook
040 _aFMSL
_beng
_cFMSL
041 _aeng
_2eng
084 _aX:89Q8 K4
_qFMSL
100 _aCowan A
_9749115
245 0 _aQuality control for the manager
_cCowan A
260 _aNY
_bNY, Pergamon
_c1964
300 _a86p
942 _cTB
_hX:89Q8 K4
999 _c1302539
_d1302539